[Event "2023 Welsh Open"]
[Site "Cardiff"]
[Date "2023.04.09"]
[Round "5.6"]
[White "Harris, Calum"]
[Black "Parri, Deio"]
[Result "1-0"]
[WhiteElo "1828"]
[BlackElo "1597"]
[Annotator "Paul,Hatchett"]
[PlyCount "53"]
[EventDate "2023.04.07"]
[EventRounds "7"]
[EventCountry "WLS"]

1. e4 {[%emt 0:00:07]} e6 {[%emt 0:00:06]} 2. d4 {[%emt 0:00:05]} d5 {[%emt 0:00:05]} 3. Nd2 {[%emt 0:00:06]} Nf6 {[%emt 0:00:13]} 4. e5 {[%emt 0:00:13]} Nfd7 {[%emt 0:00:06]} 5. Bd3 {[%emt 0:00:18]} c5 {[%emt 0:00:12]} 6. c3 {[%emt 0:00:05]} Nc6 {[%emt 0:00:08]} 7. Ne2 {[%emt 0:00:16]} Be7 {[%emt 0:01:01]} 8. Nf3 {[%emt 0:01:28]} f5 {[%emt 0:02:03]} 9. Nf4 {[%emt 0:16:04]} Nb6 {[%emt 0:07:25]} 10. h4 {[%emt 0:08:40]} cxd4 {[%emt 0:03:09]} 11. cxd4 {[%emt 0:00:50]} Bb4+ {[%emt 0:01:00]} 12. Bd2 {[%emt 0:00:50]} O-O {[%emt 0:01:16]} 13. O-O {[%emt 0:01:29]} Qe8 {[%emt 0:05:16]} 14. Be3 {[%emt 0:10:18]} Nd8 {[%emt 0:10:00]} 15. g3 {[%emt 0:06:21]} Bd7 {[%emt 0:00:15]} 16. h5 {[%emt 0:03:08]} Nf7 {[%emt 0:01:20]} 17. Kg2 {[%emt 0:05:39]} Nh8 {[%emt 0:06:18]} 18. Rh1 {[%emt 0:02:08]} Nc8 {[%emt 0:05:38]} 19. Qb3 {[%emt 0:08:01]} Ba5 {[%emt 0:06:05]} 20. h6 {[%emt 0:08:32]} g6 {[%emt 0:00:57]} 21. Nxd5 {[%emt 0:05:39]} exd5 {[%emt 0:07:25]} 22. Qxd5+ {[%emt 0:00:38]} Qe6 {[%emt 0:01:23]} 23. Qxa5 {[%emt 0:00:40]} Bc6 {[%emt 0:00:49]} 24. Rac1 {[%emt 0:02:02]} Bd5 {[%emt 0:04:37]} 25. Qxd5 {[%emt 0:00:40]} Qxd5 {[%emt 0:01:06]} 26. Bc4 {[%emt 0:00:04]} Qxc4 {[%emt 0:00:08]} 27. Rxc4 {[%emt 0:00:06]} 1-0

[Event "2023 Welsh Open"]
[Site "Cardiff"]
[Date "2023.04.09"]
[Round "5.7"]
[White "Wu, Yuxuan"]
[Black "Quinn, Peter"]
[Result "1/2-1/2"]
[WhiteElo "1577"]
[BlackElo "1684"]
[Annotator "Paul,Hatchett"]
[PlyCount "86"]
[EventDate "2023.04.07"]
[EventRounds "7"]
[EventCountry "WLS"]

1. d4 Nf6 {[%emt 0:00:56]} 2. c4 {[%emt 0:00:06]} g6 {[%emt 0:00:11]} 3. Nc3 {[%emt 0:00:05]} Bg7 {[%emt 0:00:37]} 4. e4 {[%emt 0:00:06]} d6 {[%emt 0:00:19]} 5. Nf3 {[%emt 0:00:06]} O-O {[%emt 0:00:31]} 6. Be2 {[%emt 0:00:13]} Nbd7 {[%emt 0:03:07]} 7. O-O {[%emt 0:00:41]} e5 {[%emt 0:01:41]} 8. Be3 {[%emt 0:01:34]} h6 {[%emt 0:00:41]} 9. Ne1 {[%emt 0:00:56]} Qe7 {[%emt 0:01:49]} 10. d5 {[%emt 0:01:15]} a6 {[%emt 0:03:21]} 11. Nd3 {[%emt 0:03:21]} Kh7 {[%emt 0:07:36]} 12. f3 {[%emt 0:01:15]} Ng8 {[%emt 0:05:01]} 13. b4 {[%emt 0:02:09]} f5 {[%emt 0:04:54]} 14. c5 {[%emt 0:01:55]} Ndf6 {[%emt 0:01:46]} 15. a4 {[%emt 0:02:36]} f4 {[%emt 0:01:37]} 16. Bf2 {[%emt 0:00:36]} g5 {[%emt 0:03:03]} 17. b5 {[%emt 0:02:01]} Ne8 {[%emt 0:06:15]} 18. Rc1 {[%emt 0:06:33]} h5 {[%emt 0:00:59]} 19. bxa6 {[%emt 0:07:43]} bxa6 {[%emt 0:01:40]} 20. a5 {[%emt 0:03:14]} Nh6 {[%emt 0:00:23]} 21. Nb4 {[%emt 0:03:55]} g4 {[%emt 0:01:31]} 22. Qe1 {[%emt 0:02:57]} Bf6 {[%emt 0:05:30]} 23. Nc6 {[%emt 0:00:44]} Qg7 {[%emt 0:00:29]} 24. cxd6 {[%emt 0:03:56]} cxd6 {[%emt 0:01:06]} 25. Na4 {[%emt 0:02:05]} gxf3 {[%emt 0:02:53]} 26. Bxf3 {[%emt 0:00:21]} Bh3 {[%emt 0:03:02]} 27. Kh1 {[%emt 0:01:18]} Bd7 {[%emt 0:04:25]} 28. Nb6 {[%emt 0:01:33]} Bxc6 {[%emt 0:00:56]} 29. Rxc6 {[%emt 0:00:31]} Rb8 {[%emt 0:01:12]} 30. Bh4 {[%emt 0:03:12]} Ng4 {[%emt 0:03:20]} 31. Bxf6 {[%emt 0:04:05]} Rxf6 {[%emt 0:01:05]} 32. Qh4 {[%emt 0:03:09]} Rh6 {[%emt 0:04:12]} 33. Rc8 {[%emt 0:06:41]} Rxc8 {[%emt 0:05:29]} 34. Nxc8 {[%emt 0:00:07]} Ngf6 {[%emt 0:02:12]} 35. Rc1 {[%emt 0:04:33]} Qb7 {[%emt 0:07:26]} 36. Nb6 {[%emt 0:00:52]} Nc7 {[%emt 0:02:34]} 37. Qg5 {[%emt 0:03:06]} Nb5 {[%emt 0:02:08]} 38. Qf5+ {[%emt 0:07:14]} Kg7 {[%emt 0:01:31]} 39. Qc8 {[%emt 0:02:41]} Qxc8 {[%emt 0:01:21]} 40. Nxc8 {[%emt 0:03:51]} Nd7 {[%emt 0:08:12]} 41. Rc6 {[%emt 0:02:52]} Nc5 {[%emt 0:06:33]} 42. Ne7 {[%emt 0:15:34]} Nd4 {[%emt 0:05:50]} 43. Rc7 {[%emt 0:01:32]} Nb5 {[%emt 0:00:40]} 1/2-1/2

[Event "2023 Welsh Open"]
[Site "Cardiff"]
[Date "2023.04.09"]
[Round "5.8"]
[White "Chong, Kimberly"]
[Black "Fowler, Caspian"]
[Result "0-1"]
[WhiteElo "1682"]
[BlackElo "1546"]
[Annotator "Paul,Hatchett"]
[PlyCount "106"]
[EventDate "2023.04.07"]
[EventRounds "7"]
[EventCountry "WLS"]

1. e4 {[%emt 0:00:03]} e5 {[%emt 0:00:04]} 2. Nf3 {[%emt 0:00:05]} Nc6 {[%emt 0:00:04]} 3. Bc4 {[%emt 0:00:06]} Bc5 {[%emt 0:00:05]} 4. b4 {[%emt 0:00:20]} Bb6 {[%emt 0:03:08]} 5. c3 {[%emt 0:03:18]} Nf6 {[%emt 0:00:22]} 6. d3 {[%emt 0:04:48]} d6 {[%emt 0:00:28]} 7. O-O {[%emt 0:01:56]} h6 {[%emt 0:00:30]} 8. a4 {[%emt 0:00:39]} a5 {[%emt 0:03:39]} 9. b5 {[%emt 0:05:17]} Ne7 {[%emt 0:00:13]} 10. Qb3 {[%emt 0:01:32]} O-O {[%emt 0:00:26]} 11. Nbd2 {[%emt 0:04:04]} Ng6 {[%emt 0:01:28]} 12. d4 {[%emt 0:02:21]} Qe7 {[%emt 0:16:25]} 13. dxe5 {[%emt 0:11:32]} dxe5 {[%emt 0:03:52]} 14. Ba3 {[%emt 0:02:53]} Bc5 {[%emt 0:00:11]} 15. h3 {[%emt 0:12:51]} Bxa3 {[%emt 0:05:07]} 16. Qxa3 {[%emt 0:01:25]} Qxa3 {[%emt 0:00:09]} 17. Rxa3 {[%emt 0:00:05]} b6 {[%emt 0:00:51]} 18. g4 {[%emt 0:02:13]} Bb7 {[%emt 0:08:11]} 19. Re1 {[%emt 0:01:00]} Rad8 {[%emt 0:01:55]} 20. Ra2 {[%emt 0:00:59]} Nf4 {[%emt 0:08:05]} 21. Kh2 {[%emt 0:03:32]} Nd3 {[%emt 0:08:22]} 22. Bxd3 {[%emt 0:28:58]} Rxd3 {[%emt 0:00:05]} 23. Nxe5 {[%emt 0:00:29]} Rxc3 {[%emt 0:00:38]} 24. f3 {[%emt 0:01:14]} Rd8 {[%emt 0:02:19]} 25. Ndc4 {[%emt 0:03:07]} Rd4 {[%emt 0:10:42]} 26. Ne3 {[%emt 0:01:09]} Rc5 {[%emt 0:01:56]} 27. Nf5 {[%emt 0:02:01]} Rd8 {[%emt 0:02:35]} 28. Nc6 {[%emt 0:00:16]} Bxc6 {[%emt 0:00:30]} 29. Ne7+ {[%emt 0:00:27]} Kf8 {[%emt 0:00:07]} 30. Nxc6 {[%emt 0:00:06]} Rd3 {[%emt 0:00:20]} 31. Kg3 {[%emt 0:02:51]} Rcc3 {[%emt 0:00:13]} 32. Ne5 {[%emt 0:00:10]} Ra3 {[%emt 0:01:53]} 33. Rc2 {[%emt 0:01:41]} Rdc3 {[%emt 0:01:02]} 34. Rec1 {[%emt 0:02:28]} Rxc2 {[%emt 0:00:29]} 35. Rxc2 {[%emt 0:00:01]} Nxe4+ {[%emt 0:00:10]} 36. Kf4 {[%emt 0:00:17]} Nc5 {[%emt 0:00:07]} 37. Nc6 {[%emt 0:01:51]} Rxa4+ {[%emt 0:00:17]} 38. Kg3 {[%emt 0:00:08]} Ra3 {[%emt 0:03:30]} 39. Re2 {[%emt 0:00:25]} Ne6 {[%emt 0:00:26]} 40. Rd2 {[%emt 0:01:01]} Rb3 {[%emt 0:00:31]} 41. Kf2 {[%emt 0:11:26]} Rxb5 {[%emt 0:01:00]} 42. f4 {[%emt 0:00:16]} g6 {[%emt 0:02:06]} 43. Ne5 {[%emt 0:00:53]} a4 {[%emt 0:03:42]} 44. Rd7 {[%emt 0:03:05]} a3 {[%emt 0:00:21]} 45. Rxf7+ {[%emt 0:00:25]} Kg8 {[%emt 0:01:18]} 46. Re7 {[%emt 0:01:19]} Nxf4 {[%emt 0:03:09]} 47. Re8+ {[%emt 0:04:28]} Kg7 {[%emt 0:00:09]} 48. Kf3 {[%emt 0:01:13]} Nd5 {[%emt 0:00:26]} 49. Re6 {[%emt 0:00:22]} a2 {[%emt 0:01:28]} 50. Rxg6+ {[%emt 0:00:14]} Kh7 {[%emt 0:00:15]} 51. g5 {[%emt 0:00:57]} hxg5 {[%emt 0:00:25]} 52. Kg4 {[%emt 0:00:41]} Ne3+ {[%emt 0:00:40]} 53. Kh5 {[%emt 0:00:12]} Rxe5 {[%emt 0:00:22]} 0-1

[Event "2023 Welsh Open"]
[Site "Cardiff"]
[Date "2023.04.09"]
[Round "5.9"]
[White "Binesmael, Mohamed"]
[Black "Guy, David"]
[Result "0-1"]
[WhiteElo "1553"]
[BlackElo "1827"]
[PlyCount "68"]
[EventDate "2023.04.07"]
[SourceVersionDate "2023.04.23"]

1. e4 e5 2. Nf3 Nc6 3. c3 g6 4. d4 exd4 5. cxd4 Bg7 6. Bc4 h6 7. O-O d6 8. Qb3 Qe7 9. Bf4 Nf6 10. e5 dxe5 11. Bxe5 O-O 12. Bd3 Rb8 13. Bxg6 Nxe5 14. Nxe5 Be6 15. Qg3 Nd5 16. Be4 Nf6 17. Bc2 Rbd8 18. Rd1 c5 19. Nc3 cxd4 20. Ne2 Bc8 21. Re1 Ne4 22. Bxe4 Qxe5 23. Nf4 Qg5 24. Qf3 Bg4 25. Qg3 Bc8 26. Rac1 Qxg3 27. hxg3 Rfe8 28. f3 Kf8 29. Nd3 f5 30. Bxb7 Rxe1+ 31. Nxe1 Bxb7 32. Rc7 Ba6 33. Rxa7 d3 34. Nxd3 Bd4+ 0-1

[Event "2023 Welsh Open"]
[Site "Cardiff"]
[Date "2023.04.09"]
[Round "5.10"]
[White "Thomas, Mark"]
[Black "Browse, Joseph"]
[Result "0-1"]
[WhiteElo "1789"]
[BlackElo "1473"]
[PlyCount "88"]
[EventDate "2023.04.07"]
[SourceVersionDate "2023.04.23"]

1. e4 c6 2. d3 d5 3. Nd2 e5 4. Ngf3 Bd6 5. g3 Nf6 6. Bg2 O-O 7. O-O Re8 8. b3 a5 9. a3 b5 10. Bb2 d4 11. c3 c5 12. cxd4 cxd4 13. a4 bxa4 14. bxa4 Ba6 15. Ne1 Nc6 16. Rc1 Nb4 17. Nc4 Rc8 18. Bh3 Rxc4 19. dxc4 Na2 20. Rc2 Nb4 21. c5 Nxc2 22. cxd6 Bxf1 23. Bxf1 Nb4 24. f3 Qxd6 25. Bc4 Qc5 26. Qb3 Re7 27. Nd3 Nxd3 28. Bxd3 Qb4 29. Qxb4 axb4 30. a5 Nd7 31. Bc4 Nc5 32. Kf1 Ra7 33. Ke2 Rxa5 34. Kd2 Kf8 35. Kc2 b3+ 36. Kb1 f6 37. h4 Ke7 38. Bc1 Ra7 39. g4 Kd6 40. g5 fxg5 41. hxg5 Ra8 42. Bd2 Rf8 43. Bb4 Rxf3 44. Kb2 h5 0-1

[Event "2023 Welsh Open"]
[Site "Cardiff"]
[Date "2023.04.09"]
[Round "5.11"]
[White "Prabhu, Vismith"]
[Black "Greco, Joseph"]
[Result "1/2-1/2"]
[WhiteElo "1789"]
[BlackElo "1473"]
[PlyCount "125"]
[EventDate "2023.04.07"]
[SourceVersionDate "2023.04.23"]

1. d4 g6 2. c4 Bg7 3. Nf3 c6 4. Nc3 d5 5. e4 dxe4 6. Nxe4 Bg4 7. Be3 Nd7 8. Be2 Ngf6 9. Nxf6+ Bxf6 10. h3 Bxf3 11. Bxf3 O-O 12. O-O Nb6 13. Qd3 Qc7 14. Rad1 Rad8 15. Qc2 Rd7 16. Rd3 Rfd8 17. Rfd1 e6 18. b3 Nc8 19. R1d2 Ne7 20. Be4 Bg7 21. g3 h5 22. h4 Qa5 23. Qb1 Nf5 24. Bxf5 Qxf5 25. Qd1 b6 26. Kg2 Bf8 27. Qf3 Qxf3+ 28. Kxf3 f5 29. Bg5 Re8 30. Bf6 Kf7 31. Be5 Red8 32. a4 a6 33. Ke2 Be7 34. Kd1 Bb4 35. Re2 Bd6 36. Bxd6 Rxd6 37. Red2 e5 38. Kc2 e4 39. Re3 Rxd4 40. Rxd4 Rxd4 41. Kc3 c5 42. b4 Kf6 43. a5 b5 44. cxb5 Rxb4 45. b6 g5 46. hxg5+ Kxg5 47. Re2 e3 48. f4+ Kg4 49. Rxe3 Rb5 50. Kc4 Rxa5 51. Rb3 Ra4+ 52. Kxc5 Re4 53. b7 Re8 54. b8=Q Rxb8 55. Rxb8 Kxg3 56. Ra8 Kxf4 57. Rxa6 h4 58. Ra3 Kg4 59. Kd4 h3 60. Ke3 h2 61. Ra1 Kg3 62. Rh1 f4+ 63. Ke2 1/2-1/2

[Event "2023 Welsh Open"]
[Site "Cardiff"]
[Date "2023.04.09"]
[Round "5.12"]
[White "Dixon, Chris"]
[Black "Smith, Chris"]
[Result "1-0"]
[WhiteElo "1700"]
[BlackElo "1460"]
[PlyCount "55"]
[EventDate "2023.04.07"]
[SourceVersionDate "2023.04.23"]

1. e4 d6 2. Nc3 Nf6 3. g3 g6 4. Bg2 Bg7 5. d3 O-O 6. Nge2 e5 7. O-O Bg4 8. h3 Be6 9. f4 Nc6 10. Nd5 exf4 11. Nexf4 Bxd5 12. exd5 Ne5 13. b3 Qe8 14. Bb2 Qb5 15. Kh2 Rae8 16. c4 Qc5 17. d4 Neg4+ 18. hxg4 Qa5 19. g5 Ne4 20. Bxe4 Rxe4 21. Qd3 Rfe8 22. Ne6 R8xe6 23. dxe6 Rxe6 24. Bc3 Qxg5 25. Rae1 Qh5+ 26. Kg2 Qg4 27. Rxe6 fxe6 28. Qf3 1-0

[Event "2023 Welsh Open"]
[Site "Cardiff"]
[Date "2023.04.09"]
[Round "5.13"]
[White "Buttell, David"]
[Black "Ramzan, Timur"]
[Result "1-0"]
[WhiteElo "1691"]
[BlackElo "1200"]
[PlyCount "79"]
[EventDate "2023.04.07"]
[SourceVersionDate "2023.04.23"]

1. d4 d5 2. c4 c6 3. Nf3 Nf6 4. Nc3 Bf5 5. e3 e6 6. Bd2 Be7 7. Rc1 Nbd7 8. Be2 c5 9. cxd5 exd5 10. O-O O-O 11. Nh4 Bg6 12. Nxg6 fxg6 13. Bf3 Nb6 14. dxc5 Bxc5 15. Ne2 Rc8 16. Bc3 h6 17. Nf4 Qe8 18. Bxf6 Rxf6 19. Bxd5+ Nxd5 20. Qxd5+ Kh7 21. Rxc5 Rfc6 22. Rxc6 Rxc6 23. h3 a6 24. Qd3 b5 25. Ne2 Qe7 26. Nd4 Rd6 27. Qc2 Qf7 28. b3 Rd5 29. Qc6 Rg5 30. Nf3 Rf5 31. Nd4 Rg5 32. Qf3 Qd7 33. Rc1 b4 34. Kh2 Rd5 35. Qf8 a5 36. Rc8 g5 37. Qg8+ Kg6 38. Rc6+ Kh5 39. g4+ Kh4 40. Nf3# 1-0

[Event "2023 Welsh Open"]
[Site "Cardiff"]
[Date "2023.04.09"]
[Round "5.16"]
[White "Williams, Stephen"]
[Black "Mason, Edward"]
[Result "0-1"]
[WhiteElo "1569"]
[BlackElo "1361"]
[PlyCount "104"]
[EventDate "2023.04.07"]
[SourceVersionDate "2023.04.23"]

1. d4 d5 2. c4 c6 3. Nf3 Nf6 4. cxd5 cxd5 5. Nc3 Bg4 6. Ne5 Bh5 7. Bf4 Qb6 8. Qd2 Nc6 9. e3 e6 10. Nxc6 bxc6 11. a3 Bg6 12. Rc1 Be7 13. h3 O-O 14. Be2 Rfd8 15. O-O Bd6 16. Bxd6 Rxd6 17. Na4 Qc7 18. b4 Nd7 19. Rc3 Nb6 20. Nc5 Nd7 21. Na6 Qb6 22. Rfc1 Rc8 23. Nc5 f6 24. b5 Be8 25. a4 Rc7 26. Na6 Rc8 27. Nc5 Rc7 28. Nb3 Nb8 29. a5 Qb7 30. Nc5 Qc8 31. Qb2 cxb5 32. Bxb5 Bxb5 33. Qxb5 Rdc6 34. Qb2 Na6 35. Rb3 Kf7 36. Rb1 Nxc5 37. Rb8 Nd3 38. Rxc8 Nxb2 39. Rxc7+ Rxc7 40. Rxb2 Kg6 41. a6 Rc1+ 42. Kh2 Ra1 43. Kg3 Rxa6 44. Rb7 Ra2 45. h4 a5 46. Kf3 a4 47. h5+ Kh6 48. g4 Ra1 49. Ra7 a3 50. Ra6 a2 51. Ke2 Kg5 52. f3 Rh1 0-1

[Event "2023 Welsh Open"]
[Site "Cardiff"]
[Date "2023.04.09"]
[Round "5.19"]
[White "Bickford, Ben"]
[Black "Dasselaar, Hendrik"]
[Result "0-1"]
[WhiteElo "1482"]
[BlackElo "1297"]
[PlyCount "50"]
[EventDate "2023.04.07"]
[SourceVersionDate "2023.04.24"]

1. d4 Nf6 2. e3 d5 3. f4 Bf5 4. c3 e6 5. Nf3 c5 6. Bd3 Bg6 7. Ne5 Nbd7 8. O-O Bd6 9. Bd2 Nxe5 10. fxe5 Bxd3 11. exf6 Bxf1 12. fxg7 Rg8 13. Qxf1 Qh4 14. Qb5+ Kd8 15. Qxb7 Bxh2+ 16. Kf1 Qf6+ 17. Ke1 Rb8 18. Qxa7 Rxg7 19. c4 Bg3+ 20. Kd1 Qf1+ 21. Kc2 Qxc4+ 22. Kd1 Bc7 23. Ba5 Qf1+ 24. Kd2 Rxg2+ 25. Kc3 Qc4# 0-1

[Event "2023 Welsh Open"]
[Site "Cardiff"]
[Date "2023.04.09"]
[Round "5.20"]
[White "Blackmore, Simon"]
[Black "Woodcock, Louise"]
[Result "1-0"]
[WhiteElo "1599"]
[BlackElo "1281"]
[PlyCount "71"]
[EventDate "2023.04.07"]
[SourceVersionDate "2023.04.24"]

1. e4 d6 2. Nf3 f5 3. e5 e6 4. d4 dxe5 5. Nxe5 Nf6 6. c3 Be7 7. Bg5 O-O 8. Bc4 c5 9. Qb3 Nd5 10. Bxe7 Qxe7 11. Bxd5 exd5 12. Qxd5+ Be6 13. Qxc5 Qxc5 14. dxc5 Nd7 15. Nxd7 Bxd7 16. O-O Bc6 17. Nd2 Rad8 18. Rad1 Rd5 19. Nb3 Re5 20. Rfe1 Rfe8 21. Rxe5 Rxe5 22. f3 Kf7 23. Kf2 Bd5 24. Rd4 Bxb3 25. axb3 b6 26. cxb6 axb6 27. Rd7+ Re7 28. Rxe7+ Kxe7 29. Ke3 Ke6 30. Kd4 Kd6 31. b4 b5 32. b3 g5 33. c4 bxc4 34. bxc4 g4 35. fxg4 fxg4 36. c5+ 1-0

[Event "2023 Welsh Open"]
[Site "Cardiff"]
[Date "2023.04.09"]
[Round "5.21"]
[White "Beeston, Darson"]
[Black "Abdul-Obitayo, Nma-Elietta"]
[Result "1-0"]
[WhiteElo "1523"]
[BlackElo "1100"]
[PlyCount "77"]
[EventDate "2023.04.07"]
[SourceVersionDate "2023.04.24"]

1. e4 e5 2. Nf3 Nc6 3. Bb5 Nf6 4. d3 a6 5. Ba4 b5 6. Bb3 Bd6 7. O-O O-O 8. c3 Bc5 9. Nxe5 Nxe5 10. d4 Bd6 11. dxe5 Bxe5 12. f4 Bd6 13. e5 Bc5+ 14. Kh1 Ne4 15. Qd5 Qe7 16. Qxe4 Rb8 17. Be3 Bb7 18. Bxc5 Bxe4 19. Bxe7 Rfe8 20. Nd2 Bd3 21. Rf3 Be2 22. Re3 Bg4 23. h3 Be6 24. Bxe6 dxe6 25. Bc5 Rb7 26. Rd3 b4 27. c4 a5 28. Nf3 h6 29. Rad1 c6 30. Rd8 Rxd8 31. Rxd8+ Kh7 32. Re8 Rd7 33. Bd6 f6 34. Re7 Rd8 35. c5 a4 36. exf6 Kg8 37. Rxg7+ Kh8 38. Ne5 Rd7 39. Ng6# 1-0

[Event "2023 Welsh Open"]
[Site "Cardiff"]
[Date "2023.04.09"]
[Round "5.23"]
[White "Hammett, Scott"]
[Black "Archibald, McKenzie"]
[Result "1-0"]
[WhiteElo "1283"]
[BlackElo "1208"]
[PlyCount "89"]
[EventDate "2023.04.07"]
[SourceVersionDate "2023.04.24"]

1. d4 d5 2. e3 Nf6 3. f4 e6 4. Nf3 c5 5. c3 Nc6 6. Be2 Be7 7. O-O b6 8. Bd2 Ne4 9. Be1 c4 10. Nbd2 Nxd2 11. Qxd2 O-O 12. Qc2 b5 13. Bg3 f5 14. Rad1 a5 15. h4 b4 16. h5 h6 17. a3 Bd7 18. Kf2 bxc3 19. bxc3 a4 20. Rh1 Na5 21. Ne5 Be8 22. Ng6 Bxg6 23. hxg6 Nb3 24. Ra1 Nxa1 25. Rxa1 Qd7 26. Bf3 Rfb8 27. e4 fxe4 28. Bxe4 dxe4 29. Qxe4 Rb2+ 30. Ke3 Qd5 31. Qxd5 exd5 32. Kf3 Kf8 33. Re1 Bxa3 34. Re5 Rd8 35. Re6 Be7 36. Ra6 a3 37. Ra7 a2 38. f5 Ke8 39. Be5 Kf8 40. Bxg7+ Kg8 41. f6 Bxf6 42. Bxf6 Rf8 43. Rg7+ Kh8 44. Rh7+ Kg8 45. Rh8# 1-0

[Event "2023 Welsh Open"]
[Site "Cardiff"]
[Date "2023.04.10"]
[Round "6.1"]
[White "Havard, Gwyn"]
[Black "Yoganand"]
[Result "0-1"]
[WhiteElo "1889"]
[BlackElo "2178"]
[Annotator "Paul,Hatchett"]
[PlyCount "64"]
[EventDate "2023.04.07"]
[EventRounds "7"]
[EventCountry "WLS"]

1. e4 c6 {[%emt 0:00:11]} 2. d4 {[%emt 0:00:14]} d5 {[%emt 0:00:02]} 3. exd5 {[%emt 0:00:12]} cxd5 {[%emt 0:00:08]} 4. Bd3 {[%emt 0:00:06]} Nf6 {[%emt 0:00:31]} 5. Ne2 {[%emt 0:00:07]} e6 {[%emt 0:00:53]} 6. Bf4 {[%emt 0:00:26]} Be7 {[%emt 0:01:09]} 7. O-O {[%emt 0:00:26]} Nbd7 {[%emt 0:01:15]} 8. Nbc3 {[%emt 0:01:35]} a6 {[%emt 0:01:11]} 9. Qd2 {[%emt 0:05:25]} O-O {[%emt 0:05:29]} 10. Ng3 {[%emt 0:04:34]} Ne8 {[%emt 0:03:39]} 11. Rae1 {[%emt 0:04:10]} Ndf6 {[%emt 0:03:15]} 12. Nd1 {[%emt 0:03:32]} b5 {[%emt 0:02:27]} 13. c3 {[%emt 0:00:47]} Bb7 {[%emt 0:04:40]} 14. f3 {[%emt 0:04:15]} Nd6 {[%emt 0:07:14]} 15. Nf2 {[%emt 0:03:28]} Re8 {[%emt 0:05:52]} 16. Qc2 {[%emt 0:08:34]} h6 {[%emt 0:06:27]} 17. Ng4 {[%emt 0:04:52]} Bf8 {[%emt 0:07:26]} 18. Nxf6+ {[%emt 0:06:15]} Qxf6 {[%emt 0:04:10]} 19. Be5 {[%emt 0:05:49]} Qd8 {[%emt 0:01:42]} 20. Nh5 {[%emt 0:07:57]} f5 {[%emt 0:09:39]} 21. g4 {[%emt 0:08:58]} Bc8 {[%emt 0:02:38]} 22. Qg2 {[%emt 0:02:44]} Nf7 {[%emt 0:02:29]} 23. f4 {[%emt 0:07:16]} Nxe5 {[%emt 0:04:18]} 24. dxe5 {[%emt 0:01:26]} Qh4 {[%emt 0:02:37]} 25. Nf6+ {[%emt 0:03:03]} gxf6 {[%emt 0:01:04]} 26. gxf5+ Kh8 {[%emt 0:02:42]} 27. Qg6 {[%emt 0:01:17]} Bc5+ {[%emt 0:00:18]} 28. Kh1 {[%emt 0:00:41]} Rg8 {[%emt 0:00:17]} 29. Qxf6+ {[%emt 0:03:31]} Qxf6 {[%emt 0:01:03]} 30. exf6 {[%emt 0:00:02]} exf5 {[%emt 0:00:50]} 31. f7 {[%emt 0:00:19]} Rf8 {[%emt 0:00:46]} 32. Re8 {[%emt 0:00:18]} Bd7 {[%emt 0:00:33]} 0-1

[Event "2023 Welsh Open"]
[Site "Cardiff"]
[Date "2023.04.10"]
[Round "6.2"]
[White "Sadiq, Ayodele"]
[Black "Gibbs, Dominic V"]
[Result "0-1"]
[WhiteElo "1903"]
[BlackElo "1848"]
[Annotator "Paul,Hatchett"]
[PlyCount "102"]
[EventDate "2023.04.07"]
[EventRounds "7"]
[EventCountry "WLS"]

1. d4 {[%emt 0:00:01]} e6 {[%emt 0:00:07]} 2. Nf3 {[%emt 0:00:09]} f5 {[%emt 0:00:12]} 3. Bg5 {[%emt 0:01:01]} Be7 {[%emt 0:00:43]} 4. Bxe7 {[%emt 0:00:05]} Qxe7 {[%emt 0:00:08]} 5. c3 {[%emt 0:00:26]} Nf6 {[%emt 0:00:19]} 6. g3 {[%emt 0:00:08]} O-O {[%emt 0:02:51]} 7. Bg2 {[%emt 0:00:21]} d6 {[%emt 0:00:37]} 8. Qb3 {[%emt 0:00:32]} Nc6 {[%emt 0:01:04]} 9. Nbd2 {[%emt 0:00:18]} Kh8 {[%emt 0:00:37]} 10. O-O {[%emt 0:02:35]} e5 {[%emt 0:03:55]} 11. e3 {[%emt 0:00:10]} e4 {[%emt 0:03:27]} 12. Ne1 {[%emt 0:01:11]} Rb8 {[%emt 0:02:17]} 13. c4 {[%emt 0:00:33]} a6 {[%emt 0:06:53]} 14. a4 {[%emt 0:00:20]} a5 {[%emt 0:00:59]} 15. Nc2 {[%emt 0:00:50]} Bd7 {[%emt 0:03:43]} 16. Qc3 {[%emt 0:00:26]} b6 {[%emt 0:02:14]} 17. Nb3 {[%emt 0:05:40]} Bc8 {[%emt 0:03:23]} 18. d5 {[%emt 0:01:14]} Ne5 {[%emt 0:00:58]} 19. Nbd4 {[%emt 0:00:22]} Bd7 {[%emt 0:18:18]} 20. Rfd1 {[%emt 0:03:54]} Qf7 {[%emt 0:06:47]} 21. f3 {[%emt 0:01:24]} exf3 {[%emt 0:01:20]} 22. Nxf3 {[%emt 0:01:19]} Nxf3+ {[%emt 0:02:23]} 23. Bxf3 {[%emt 0:00:04]} Rbe8 {[%emt 0:03:59]} 24. b3 {[%emt 0:00:26]} Qg6 {[%emt 0:02:26]} 25. Rf1 {[%emt 0:01:03]} h5 {[%emt 0:01:04]} 26. Kh1 {[%emt 0:01:22]} Ne4 {[%emt 0:02:39]} 27. Bxe4 {[%emt 0:00:24]} fxe4 {[%emt 0:00:30]} 28. Rf4 {[%emt 0:00:30]} Bg4 {[%emt 0:03:02]} 29. Nd4 {[%emt 0:01:08]} Rxf4 {[%emt 0:12:10]} 30. gxf4 {[%emt 0:01:58]} Qf6 {[%emt 0:00:28]} 31. Qe1 {[%emt 0:01:22]} g5 {[%emt 0:02:08]} 32. Qf2 {[%emt 0:05:41]} Bf3+ {[%emt 0:00:47]} 33. Nxf3 {[%emt 0:02:14]} Qxa1+ {[%emt 0:00:08]} 34. Ng1 {[%emt 0:00:16]} Qf6 {[%emt 0:02:57]} 35. Nh3 {[%emt 0:00:04]} gxf4 {[%emt 0:00:36]} 36. Nxf4 {[%emt 0:00:04]} Qa1+ {[%emt 0:04:53]} 37. Qg1 {[%emt 0:00:58]} Qxg1+ {[%emt 0:00:21]} 38. Kxg1 {[%emt 0:00:02]} Rg8+ {[%emt 0:02:24]} 39. Kf2 {[%emt 0:00:28]} h4 {[%emt 0:00:35]} 40. Ne6 {[%emt 0:01:09]} h3 {[%emt 0:04:04]} 41. Nf4 {[%emt 0:00:12]} Kg7 {[%emt 0:00:20]} 42. Kg3 {[%emt 0:00:49]} Kf6+ {[%emt 0:00:21]} 43. Kxh3 {[%emt 0:00:05]} Rg1 {[%emt 0:00:20]} 44. Ne6 {[%emt 0:00:22]} Re1 {[%emt 0:00:13]} 45. Kg3 {[%emt 0:00:54]} Rxe3+ {[%emt 0:00:10]} 46. Kf4 {[%emt 0:00:03]} Rxb3 {[%emt 0:01:15]} 47. Nxc7 {[%emt 0:01:11]} e3 {[%emt 0:00:42]} 48. Kf3 {[%emt 0:00:01]} Ke5 {[%emt 0:00:40]} 49. Nb5 {[%emt 0:00:13]} Rb4 {[%emt 0:01:02]} 50. h4 {[%emt 0:00:21]} Rxa4 {[%emt 0:01:23]} 51. Kxe3 {[%emt 0:00:03]} Rxc4 {[%emt 0:00:20]} 0-1